|
|
|
|
| LEADER |
00000cab a2200000 a 4500 |
| 001 |
041154 |
| 003 |
UAHC_CL |
| 005 |
20170803124536.0 |
| 008 |
081104b mx 000 spa |
| 040 |
|
|
|a UAHC_CL
|c UAHC_CL
|d UAHC_CL
|
| 100 |
1 |
|
|a Pacheco-Vega, Raúl
|
| 245 |
1 |
0 |
|a Instituciones en el saneamiento de aguas residuales :
|b reglas formales e informales en el Consejo de Cuenca Lerma-Chapala /
|c Raúl Pacheco-Vega, Fernando Basurto.
|
| 260 |
|
|
|a México, D.F
|b Instituto de Investigaciones Sociales de la Universidad Nacional de México
|c 2008
|
| 300 |
|
|
|a p. 87-109
|
| 310 |
|
|
|a Trimestral
|b 1940-
|
| 321 |
|
|
|a Bimestral (irregular)
|b 1939
|
| 362 |
0 |
|
|a Año 1 (marzo/abril 1939)-
|
| 362 |
0 |
|
|a Año 1 (marzo/abril 1939)-
|
| 500 |
|
|
|a En: Revista Mexicana de Sociología. Año 70, no. 1, enero - marzo 2008. pp. 87-109. ISSN: 0188-2503.
|
| 500 |
|
|
|a En: Revista Mexicana de Sociología. Año 70, no. 1, enero - marzo 2008. pp. 87-109. ISSN: 0188-2503.
|
| 520 |
|
|
|a Bajo el nuevo paradigma de la gestión integrada del agua, los consejos de cuenca se consideran una estrategia institucional novedosa y exitosa. Análisis previos del papel de las instituciones para el manejo del agua se han enfocado principalmente en resolver problemas de acción colectiva ante la preocupante escasez de recursos hídricos.
|
| 520 |
|
|
|a Bajo el nuevo paradigma de la gestión integrada del agua, los consejos de cuenca se consideran una estrategia institucional novedosa y exitosa. Análisis previos del papel de las instituciones para el manejo del agua se han enfocado principalmente en resolver problemas de acción colectiva ante la preocupante escasez de recursos hídricos.
|
| 700 |
1 |
|
|a Basurto, Fernando
|
| 759 |
|
|
|a PP156
|
| 773 |
0 |
|
|t Revista musical chilena : Universidad de Chile, Facultad de Artes.
|w 041171
|
| 900 |
|
|
|a REV. MEXICANA SOCIOLOGIA-01/08
|
| 942 |
|
|
|c REVA
|
| 952 |
|
|
|0 0
|1 0
|4 0
|6 REV___MEXICANA_SOCIOLOGIA01_08_000000000000000
|7 0
|8 General
|9 77115
|a BC
|b BC
|c General
|d 2017-08-03
|l 0
|o REV. MEXICANA SOCIOLOGIA-01/08
|p FICTICIO6600
|r 2019-01-08 00:00:00
|t 1
|w 2017-08-03
|y REVA
|
| 999 |
|
|
|c 41154
|d 41154
|